Constitucin̤ y derecho penal

Bibliographic Details
Main Author: Tiedemann, Klaus
Format: Unknown
Language:Spanish
Published: Lima : Palestra, 2003
Subjects:
Online Access:Acceso restringido

MARC

LEADER 00000ny a22000003n 4500
005 20110616120757.0
008 930805s2003 pe 000 spa d
020 |a 9789972733390 
035 |a 4625 
040 |a BUS  |d vLex 
090 |c 762  |d 762 
100 1 |a Tiedemann, Klaus 
245 1 0 |a Constitucin̤ y derecho penal  |h [Recurso electrn̤ico]  |c Klaus Tiedemann 
256 |a Servicio en ln̕ea 
260 |a Lima :  |b Palestra,  |c 2003 
300 |a p: ;  |c cm 
506 1 |a Contenido solo disponible en los productos indicados  |d vLex Global  |d vLex Global (Academic Edition, excluding Law Schools)  |d vLex Global (U.S. Academic Edition, Law Schools)  |d vLex Global (U.S. Academic Edition, excluding Law Schools)  |d vLex Global (Academic Edition, Law Schools) 
650 0 4 |a Derecho penal 
740 0 |a vLex Libros (Servicios en ln̕ea) 
856 4 0 |u http://vlex.com/source/4625  |z Acceso restringido 
942 |c BOOK 
999 0 |a Criminal Law   |b Peru